000 00446pab a2200157 454500
008 180718b2004 xxu||||| |||| 00| 0 eng d
100 _aMorgan, Sandra
245 _aUsing stories to reframe the social, construction of reality: a trio of activities
260 _c2004
300 _ap.372-89.
362 _aJun
650 _aManagement education
700 _aDennehy, Robert F.
773 _aJournal of Management Education
909 _a60623
999 _c60623
_d60623